|
|
|
|
| LEADER |
00000cam a2200000 7i4500 |
| 001 |
0000001191 |
| 005 |
20151222.0 |
| 008 |
070703 |
| 020 |
|
|
|a 9831980190(set)
|
| 020 |
|
|
|a 9831980239
|
| 090 |
0 |
0 |
|a JF
|b SC MAL (1416)
|
| 100 |
0 |
|
|a Azarina Badrul
|
| 245 |
1 |
0 |
|a Terjebak di dunia makhluk asing
|c Azarina Badrul
|
| 260 |
|
|
|a Kuala Lumpur :
|b Jade Garden Publications ,
|c 2005
|
| 440 |
|
|
|a Siri lompatan quantum
|
| 500 |
|
|
|a Children ages 7-9 years old (orange)
|
| 650 |
|
0 |
|a Judul
|
| 650 |
|
0 |
|a Malay fiction
|
| 650 |
|
0 |
|a Science fiction, Malay
|
| 650 |
|
0 |
|a Siri
|
| 999 |
|
|
|a 0000957136
|b Book
|c Children Collection
|e Perbadanan Perpustakaan Awam Johor
|
| 999 |
|
|
|a 0000957137
|b Book
|c Children Collection
|e Perbadanan Perpustakaan Awam Johor
|
| 999 |
|
|
|a 0000968723
|b Book
|c Children Collection
|e Cawangan Pontian
|
| 999 |
|
|
|a 0000968725
|b Book
|c Adult Collection
|e Cawangan Tangkak
|
| 999 |
|
|
|a 000968726
|b Book
|c Teenagers
|e Cawangan Bandar Tenggara
|